Los derechos de conciliación de la vida personal, familiar y laboral en el ámbito de la seguridad social (Registro nro. 771492)
[ vista simple ]
| 001 - NÚMERO DE CONTROL | |
|---|---|
| campo de control | 1493732 |
| 005 - FECHA Y HORA DE LA ÚLTIMA TRANSACCIÓN | |
| campo de control | 20240412091215.0 |
| 008 - DATOS DE LONGITUD FIJA--INFORMACIÓN GENERAL | |
| campo de control de longitud fija | 180509e20171205 spa |
| 035 ## - NÚMERO DE CONTROL DEL SISTEMA | |
| Número de control de sistema | 1493732 |
| 040 ## - FUENTE DE LA CATALOGACIÓN | |
| Centro/agencia transcriptor | comduadb |
| 041 ## - CÓDIGO DE LENGUA | |
| Código de lengua del texto/banda sonora o título independiente | spa |
| 100 10 - ENTRADA PRINCIPAL--NOMBRE DE PERSONA | |
| Nombre de persona | Aguilera Izquierdo, Raquel |
| Código de función | aut |
| Término indicativo de función/relación | Autor/a |
| 9 (RLIN) | 507360 |
| 245 14 - MENCIÓN DE TÍTULO | |
| Título | Los derechos de conciliación de la vida personal, familiar y laboral en el ámbito de la seguridad social |
| 520 3# - SUMARIO, ETC. | |
| Sumario, etc. | En este estudio se analiza las distintas medidas que en materia de Seguridad Social están recogidas en nuestro ordenamiento jurídico con la finalidad de conciliar la vida personal, familiar y laboral. Las distintas medidas se agrupan en tres grandes bloques: la dirigidas al mantenimiento de la capacidad económica de los trabajadores, las dirigidas a facilitar al sujeto protegido el ejercicio de sus responsabilidad familiares y a fomentar la natalidad y las dirigidas a evitar que el disfrute de los derechos de conciliación cause un prejuicio respecto de otras prestaciones de la Seguridad Social. |
| 650 #7 - PUNTO DE ACCESO ADICIONAL DE MATERIA--TÉRMINO DE MATERIA | |
| Término de materia o nombre geográfico como elemento de entrada | Seguridad social |
| Fuente del encabezamiento o término | embne |
| 9 (RLIN) | 35032 |
| 650 ## - PUNTO DE ACCESO ADICIONAL DE MATERIA--TÉRMINO DE MATERIA | |
| Término de materia o nombre geográfico como elemento de entrada | Seguridad social - España |
| 9 (RLIN) | 74310 |
| 650 ## - PUNTO DE ACCESO ADICIONAL DE MATERIA--TÉRMINO DE MATERIA | |
| Término de materia o nombre geográfico como elemento de entrada | Derecho laboral - Legislacion - España |
| 9 (RLIN) | 42946 |
| 650 #7 - PUNTO DE ACCESO ADICIONAL DE MATERIA--TÉRMINO DE MATERIA | |
| Término de materia o nombre geográfico como elemento de entrada | Derechos de los trabajadores |
| Fuente del encabezamiento o término | lemb |
| 9 (RLIN) | 21153 |
| 650 #7 - PUNTO DE ACCESO ADICIONAL DE MATERIA--TÉRMINO DE MATERIA | |
| Término de materia o nombre geográfico como elemento de entrada | Igualdad de género |
| Fuente del encabezamiento o término | embne |
| 9 (RLIN) | 20312 |
| 650 #7 - PUNTO DE ACCESO ADICIONAL DE MATERIA--TÉRMINO DE MATERIA | |
| Término de materia o nombre geográfico como elemento de entrada | Derecho al trabajo |
| Fuente del encabezamiento o término | lemb |
| 9 (RLIN) | 54289 |
| 650 ## - PUNTO DE ACCESO ADICIONAL DE MATERIA--TÉRMINO DE MATERIA | |
| Término de materia o nombre geográfico como elemento de entrada | Conciliación laboral |
| 9 (RLIN) | 225583 |
| 773 0# - ENLACE AL DOCUMENTO FUENTE/ENTRADA DE REGISTRO ANFITRIÓN | |
| Título | Revista del Ministerio de Empleo y Seguridad Social (Madrid) |
| Parte(s) relacionada(s) | Año 2017, Número 133 : Derecho del trabajo, 313-341 |
| Número de control del registro | 1311729 |
| Número Internacional Normalizado para Publicaciones Seriadas | 2174-7504 |
| Número bibliográfico anfitrión | 642172 |
| 942 ## - ELEMENTOS DE ENTRADA AGREGADA (KOHA) | |
| Tipo de ítem Koha | Artículo de Revista |
No hay ítems disponibles.